000 01311nam a2200289Ia 4500
999 _c38008
_d38008
001 3992
003 GE_BSU
005 20190829174251.0
008 181216s2000||||ge |||||||||||||| ||geo||
020 _a 9992844094
040 _cGE_BSU
041 _ageo
080 _a37.01(479.223)
100 _aგობრონიძე, ალექსანდრე
_9794
245 _aიაკობ გოგებაშვილი და აჭარა /
_cრედ. ი. ბიბილეიშვილი.
264 _aბათუმი :
_bაჭარა,
_c2000.
300 _a294 გვ. ;
_b20 სმ.
504 _a ბიბლიოგრ. ტექსტის შენიშვნ.
600 _aგოგებაშვილი იაკობ
_92095
653 _aგოგებაშვილი, იაკობ
653 _aაჭარის გეოგრაფია
653 _aქართველების ეთნოგრაფია
653 _aაჭარლები
653 _aქართველთა შორის წერა-კითხვის გამავრცელებელი საზოგადოება
700 _aბიბილეიშვილი, ი.
_eრედაქტორი
_93836
942 _cBK
_2udc